| 000 | 01197cam a2200277Ka 4500 | ||
|---|---|---|---|
| 001 | codenameneedlepo00mars | ||
| 003 | CaSfIA | ||
| 005 | 20210117224559.0 | ||
| 007 | cr|||| | ||
| 008 | 880506s1988 nyu 000 1 eng d | ||
| 040 |
_aUUZ _cUUZ _dOCLCQ _dBTCTA _dCaSfIA |
||
| 020 |
_a1557850178 (pbk.) : _c$3.95 (U.S.) |
||
| 020 | _a9781557850171 (pbk.) | ||
| 035 | _a(OCoLC)17915146 | ||
| 092 | _a813.54 | ||
| 100 | 1 | _aMarsh, Robert W. | |
| 245 | 1 | 0 |
_aCodename--Needlepoint / _h[electronic resource] _cRobert W. Marsh. |
| 260 |
_aNew York : _bBart, _c1988. |
||
| 300 |
_a255 p. ; _c18 cm. |
||
| 740 | 0 | 1 | _aCodename, Needlepoint. |
| 856 | 4 | 1 |
_uhttp://www.archive.org/details/codenameneedlepo00mars _zFree eBook from the Internet Archive |
| 856 | 4 | 2 |
_uhttp://www.openlibrary.org/books/OL12085738M _zAdditional information and access via Open Library |
| 942 | _cEB | ||
| 506 | _fНеобхідна авторизація на https://archive.org/ (створення облікового запису безкоштовно) | ||
| 506 | _fНеобхідна авторизація на https://openlibrary.org/ (створення облікового запису безкоштовно) | ||
| 999 |
_c481945 _d481945 |
||